Star Trek Crew Members Quiz Stats

 Plays Quiz Updated Jun 15, 2012

Score 0/44 Timer 07:00
1 Play Today
Series Answer % Correct
Star Trek (Original Series)James Tiberius Kirk
98%
Star Trek (Original Series)Spock
96.9%
Star Trek: The Next GenerationJean-Luc Picard
89.6%
Star Trek (Original Series)Montgomery Scott
89.1%
Star Trek (Original Series)Leonard H. McCoy
86.4%
Star Trek (Original Series)Hikaru Sulu
83.6%
Star Trek (Original Series)Uhura
79.4%
Star Trek: The Next GenerationWorf
77.9%
Star Trek: Deep Space NineWorf
77.9%
Star Trek: The Next GenerationData
77.7%
Star Trek (Original Series)Pavel Andreievich Chekov
75.7%
Star Trek: The Next GenerationWilliam Thomas Riker
74.6%
Star Trek: The Next GenerationBeverly Crusher
73%
Star Trek: The Next GenerationWesley Crusher
72.8%
Star Trek: The Next GenerationDeanna Troi
70.5%
Star Trek: The Next GenerationGeordi La Forge
70.2%
Star Trek: VoyagerKathryn Janeway
68.5%
Star Trek: Deep Space NineBenjamin LaFayette Sisko
56.6%
Star Trek: Deep Space NineJake Sisko
56.5%
Star Trek: VoyagerSeven of Nine
54.2%
Star Trek: The Next GenerationNatasha Yar
54.1%
Star Trek: VoyagerThe Doctor
53.5%
Series Answer % Correct
Star Trek: Deep Space NineMiles Edward O'Brien
53%
Star Trek: Deep Space NineOdo
52.8%
Star Trek: Deep Space NineQuark
50.9%
Star Trek: EnterpriseJonathan Archer
49.4%
Star Trek: VoyagerChakotay
49.1%
Star Trek: VoyagerNeelix
48.5%
Star Trek: VoyagerThomas Eugene Paris
48.3%
Star Trek: VoyagerTuvok
48.1%
Star Trek: Deep Space NineJadzia Dax
47.8%
Star Trek: Deep Space NineEzri Dax
47.5%
Star Trek: VoyagerB'Elanna Torres
45.1%
Star Trek: Deep Space NineJulian Bashir
44.8%
Star Trek: VoyagerHarry Kim
44.7%
Star Trek: Deep Space NineKira Nerys
44.7%
Star Trek: The Next GenerationKatherine Pulaski
42.5%
Star Trek: VoyagerKes
40.3%
Star Trek: EnterpriseT'Pol
36.1%
Star Trek: EnterpriseCharles 'Trip' Tucker III
33.7%
Star Trek: EnterprisePhlox
30.4%
Star Trek: EnterpriseHoshi Sato
28.6%
Star Trek: EnterpriseMalcolm Reed
26.1%
Star Trek: EnterpriseTravis Mayweather
24.1%

You're not logged in!

Compare scores with friends on all Sporcle quizzes.
OR
Log In

Show Comments

Extras

Top Quizzes Today


Score Distribution

Your Account Isn't Verified!

In order to create a playlist on Sporcle, you need to verify the email address you used during registration. Go to your Sporcle Settings to finish the process.

Report this User

Report this user for behavior that violates our Community Guidelines.

Details: